| 000 | 00615nam a2200193Ia 4500 | ||
|---|---|---|---|
| 003 | GCL | ||
| 008 | 140319s9999 xx 000 0 ara d | ||
| 040 |
_aGCL / _cGCL |
||
| 082 | 0 | 4 |
_a398.2 _bع د |
| 100 | 1 | _aعادل العليمى | |
| 245 | 1 | 0 |
_aالدراما الشعبية المصرية / _cعادل العليمى |
| 260 |
_a[S.N] : _bالهيئة المصرية العامة للكتاب ، _c1992 |
||
| 300 | _a170 ص | ||
| 490 |
_aالمكتبة الثقافية _v0 |
||
| 650 | 0 | 4 | _aالادب الشعبى |
| 650 | 0 | 4 | _aالاساطير |
| 650 | 0 | 4 | _aالفنون الشعبية |
| 942 |
_2ddc _cBK |
||
| 999 |
_c58549 _d58549 |
||